Personnages marvel A-Z - Statistiques

Statistiques générales
  • Ce quiz a été pris 248 fois
  • Le résultat moyen est 45 sur 173
Statistiques - réponses
Hint
Réponse % Correct
Spider-Man 1 Peter Parker / Spider-Man
82%
Captain America : First Avenger Steve Rogers / Captain America
73%
Thor Jane Foster / Thor
72%
Avengers : l'ère d'Ultron Wanda Maximoff
72%
Iron Man Tony Stark / Iron Man
70%
Thor Thor
69%
Iron Man 2 Natasha Roumanoff / Black Widow
64%
L'incroyable Hulk Bruce banner / Hulk
62%
Ms Marvel Kamala Khan / Miss Marvel
62%
Captain marvel Carol Danvers / Captain marvel
61%
Docteur Strange Stephen Strange / Docteur Strange
61%
Avengers : l'ère d'Ultron Vision
61%
Captain america : fisrt avenger Bucky barnes / le soldat de l'hiver
60%
Les gardiens de la galaxie Gamora
60%
Thor Loki
60%
Loki Sylvie / Loki
60%
Les Gardiens de la Galaxie Peter Quill / Star-Lord
58%
Ant-Man Scott Lang / Ant-Man
56%
Avengers Thanos
55%
Thor Clint barton / Hawkeye
54%
Les gardiens de la galaxie Groot
54%
Iron Man Nick Fury
53%
Iron Man Pepper Potts
53%
Black Panther T'Challa / Black Panther
53%
Ant-Man Hope Van Dyne / La guêpe
52%
Thor Odin
52%
Les Gardiens de la Galaxie Rocket Raccoon
52%
Les gardiens de la galaxie Drax
51%
Spider-Man : Homecoming Michelle Jones / MJ
49%
Les Gardiens de la Galaxie Nebula
48%
Daredevil Matt Murdock / Daredevil
45%
Spider-Man : Homecoming Ned Leeds
43%
Black Widow Yelena Belova
43%
Captain America : First Avenger Peggy Carter
42%
Iron Man Happy Hogan
41%
Les Gardiens de la Galaxie Mantis
41%
Captain America : Le Soldat de l'Hiver Sam Wilson / Faucon
41%
Shang-Chi Shang-Chi
41%
Black Panther Shuri
41%
Ant-Man Janet Van Dyne / La Guêpe
40%
Avengers : L'ère D'Ultron Pietro Maximoff / Vif-Argent
40%
Avengers : L'ère d'Ultron Ultron
40%
Iron man James Rodhes / War Machine
39%
Wandavision Agatha harkness
38%
Ant-Man Hank Pym
38%
Thor : Ragnarok Hela
38%
Les Gardiens de la Galaxie Yondu
37%
Avengers Maria Hill
36%
Les gardiens de la galaxie vol.2 Ego
35%
Hawkeye Kate Bishop
35%
Docteur Strange Wong
34%
Thor ragnarok Brunnhilde / Valkyrie
33%
Les Agents du S.H.I.E.L.D Mélinda May
32%
Jessica Jones Jessica Jones
31%
Black Panther Okoye
31%
Iron Man Phil Coulson
31%
Eternels Ikaris
30%
Captain America : First Avenger Johann Schimdt / Crâne Rouge
30%
Spider-Man : Far From Home Quentin Beck / Mystério
29%
Black Panther Erik Killmonger
28%
Thor Frigga
28%
Captain america : Civil War Helmut Zemo / Baron Zemo
28%
Les Gardiens De La Galaxie Howard le Canard
28%
Iron Man 2 Howard Stark
28%
Avengers : Endgame Morgan Stark
28%
Captain America : Le Soldat de l'Hiver Sharon Carter
28%
Runaways Alex wilder
27%
Docteur Strange MoM America chavez
27%
Thor Heimdall
27%
Captain Marvel Monica Rambeau
27%
Spider man Homecoming Adrian Toomes / Vautour
25%
Black Widow Alexeï Shostakov / Red guardian
25%
Les Gardiens de la Galaxie Ronan
25%
Thor Sif
25%
Docteur Strange Christine palmer
24%
Thor : Ragnarok Korg
24%
Ant-Man Cassie Lang
23%
Inhumains Gueule d'or
23%
Eternels Ajak
22%
Docteur strange Ancien
22%
Captain america: first avengers Arnim zola
22%
Iron fist Danny Rand / Iron fist
22%
Moon Knight Marc Spector / Moon Knight
22%
Eternels Théna
22%
Eternels Gilgamesh
21%
Ant-man et la guêpe Bill foster
20%
Docteur Strange Dormammu
20%
Eternels Sprite
20%
Thor Darcy Lewis
19%
Spider-Man : Homecoming Flash Thompson
19%
She-Hulk Jennifer Walters / Miss Hulk
19%
Black Panther M'Baku
19%
Black widow Antonia Dreykov / Taskmaster
18%
Wandavision Billy maximoff / Wiccan
18%
Eternels Druig
18%
Jessica Jones Luke Cage
18%
Eternels Makkari
18%
Thor : The Dark World Malekith
18%
Avengers : Infinity War Ebony maw / Machoire d'ébène
17%
L'incroyable Hulk Emil Blonsky / Abomination
17%
Inhumains Flèche noire / Black Bolt
17%
Eternels Sersi
17%
WandaVision Tommy Maximoff
17%
Les Agents Du S.H.I.E.L.D Daisy Johnson / Quake
16%
Thor : Love and thunder Gorr
16%
Spider-Man : Homecoming Liz
16%
Black Widow | Ms. Marvel Nakia
16%
Eternels Phastos
16%
Captain america: le soldat de l'hiver Alexander pierce
15%
Ant-Man Darren Cross / Yellowjacket
15%
Daredevil Elektra
15%
Docteur Strange Karl Mordo / Baron Mordo
15%
Thor Erik Selvig
14%
Docteur Strange Kaecilius
14%
Eternels Kingo
14%
Thor Laufey
14%
Hawkeye Maya Lopez / Echo
14%
Spider-Man 1 Norman Osborn / le Bouffon Vert
14%
Daredevil Wilson Fisk / Le Caïd
14%
Ant-man et la guêpe Ava Starr / le fantôme
13%
Iron Man 2 Ivan Vanko / Whiplash
13%
Iron Man 2 Justin Hammer
13%
Thor : Love and Thunder Zeus
13%
Iron man 3 Aldrich killian
12%
Daredevil Frank Castle / Punisher
12%
Eternels Arishem
11%
Miss marvel Bruno
11%
Daredevil Foggy
11%
Black Widow Mélina Vostokoff
11%
Avengers : Infinity War Proxima Midnight
11%
Thor : Ragnarok Surtur
11%
Thor Volstagg
11%
Avengers : Infinity War Corvus Glaive
10%
Thor : Ragnarok En Dwi Gast / Grand Maître
10%
Captain America : Civil War May Parker
10%
Inhumains Médusa
10%
Spider-Man 2 Otto Octavius / Dr. Octopus
10%
Captain Marvel Talos
10%
Captain america: le soldat de l'hiver Brock Rumlow / Crossbones
9%
Thor Fandral
9%
Thor Hogun
9%
Shang-Chi Katy Chen
9%
Les Gardiens de la Galaxie Taneleer Tivan
9%
Black Panther Ulysse Klaue
9%
Les Agents Du S.H.I.E.L.D Grant Ward
8%
Miss Marvel Aamir khan
7%
Les gardiens de la galaxie vol 2 Ayesha
7%
Les gardiens de la galaxie Cosmo
7%
Eternels Eros / Starfox
7%
Captain marvel Goose
7%
Les Agents du S.H.I.E.L.D Jemma Simmons
7%
Ant-Man et la Guêpe Jimmy Woo
7%
Inhumains Karnak
7%
Les Agents du S.H.I.E.L.D Leo Fitz
7%
Thor : Ragnarok Skurge
7%
Avengers : Infinity War Cull Obsidian / Nain noir
6%
Eternels Dane withman
6%
Inhumains Maximus
6%
Inhumains Crystal
5%
Agent Carter Daniel Sousa
5%
Captain America : First Avenger Dum Dum Dugan
5%
Captain Marvel Korath
5%
Thor : Ragnarok Fenris
4%
Iron Fist Colleen Wing
3%
Hawkeye Jack
3%
Runaways Karolina Dean
3%
Runaways Gert Yorkes
2%
Captain Marvel Minn-Erva
2%
Runaways Molly Hernandez
2%
Runaways Nico Minoru
2%
Les agents du S.H.I.E.L.D. Bobbi morse / Oiseau moqueur
1%
Spider-Man : Far From Home J.Jonah Jameson
1%
Aucun quiz correspondant
Distribution des résultats
% des personnes avec chaque résultat
Percentile par nombre de réponses
Votre historique - résultats
Vous n’avez pas pris ce quiz